Name an Applicable U.S. State - Statistics

General Stats
  • This quiz has been taken 44 times
  • The average score is 11 of 15
Answer Stats
Hint Answer % Correct
Starts with an "A" Alabama | Alaska | Arizona | Arkansas
100%
On the Gulf of Mexico Alabama | Florida | Louisiana | Mississippi | Texas
97%
Bordering Quebec Province Maine | New Hampshire | New York | Vermont
97%
Has Less than 0.2% U.S. Population Vermont | Wyoming
92%
Part of the Four Corners Arizona | Colorado | New Mexico | Utah
89%
Contains 4 Letters Iowa | Utah
89%
Top 5 Poorest States Alabama | Louisiana | Mississippi | New Mexico | West Virginia
81%
Top 5 Lowest Elevation Delware | Florida | Louisiana | Mississippi | Rhode Island
81%
Admitted in the 1900s Alaska | Arizona | Hawaii | New Mexico | Oklahoma
73%
Enforces No Sales Tax Alaska | Delaware | Montana | New Hampshire | Oregon
62%
Has a Capital City that Starts with "L" Arkansas | Michigan | Nebraska
59%
Population Between 8-12 Million Georgia | Michigan | New Jersey | North Carolina | Ohio | Virginia
51%
Bordering 8 States Missouri | Tennessee
43%
Top 5 Lowest Income Inequality Alaska | Hawaii | New Hampshire | Utah | Wyoming
30%
Capital is 4th Largest City Connecticut | Kansas | New Mexico | Texas | Virginia
27%
No matching quizzes found
Score Distribution
Percent of People with Each Score
Percentile by Number Answered
Your Score History
You have not taken this quiz